[Event "SLO-chT U20"]
[Site "Nova Gorica"]
[Date "2009.08.26"]
[Round "7"]
[White "Copi, Ambroz"]
[Black "Turek, Bor Lucijan"]
[Result "1/2-1/2"]
[WhiteElo "1548"]
[BlackElo "1562"]
[PlyCount "82"]
[EventDate "2009.08.22"]
[EventType "team-tourn"]
[EventRounds "9"]
[EventCountry "SLO"]
[SourceTitle "CBM 132 Extra"]
[Source "ChessBase"]
[SourceDate "2009.11.03"]
[SourceVersion "1"]
[SourceVersionDate "2009.11.03"]
[SourceQuality "1"]

1. d4 d5 2. c4 e6 3. Nc3 Nf6 4. Bg5 c6 5. Nf3 h6 6. Bh4 Be7 7. e3 0-0 8. Bd3 dxc4 9. Bxc4 Nd5 10. Bxe7 Qxe7 11. 0-0 Nd7 12. e4 Nf4 13. Qd2 e5 14. d5 cxd5 15. Nxd5 Nxd5 16. Bxd5 Nb6 17. Rfd1 Bg4 18. Qe3 Rad8 19. Bb3 Bxf3 20. Qxf3 Rd4 21. Rxd4 exd4 22. Rd1 Rd8 23. h3 Qd7 24. Rd3 a5 25. a3 Qc7 26. Qg4 Qe5 27. f4 Qxe4 28. Rg3 Qb1+ 29. Kh2 Qh7 30. Qh5 Rf8 31. f5 Nd7 32. Qg4 Nf6 33. Qxd4 Qxf5 34. Rf3 Qe4 35. Qb6 Qe5+ 36. Kg1 Qe1+ 37. Rf1 Qe4 38. Qc5 Qe2 39. Rf2 Qe1+ 40. Rf1 Qe2 41. Rf2 Qe1+ 1/2-1/2

[Event "SLO-ch U16"]
[Site "Murska Sobota"]
[Date "2007.03.01"]
[Round "8"]
[White "Rifelj, Luka"]
[Black "Turek, Bor Lucijan"]
[Result "1/2-1/2"]
[WhiteElo "1500"]
[BlackElo "1605"]
[PlyCount "54"]
[EventDate "2007.02.25"]
[EventType "swiss"]
[EventRounds "9"]
[EventCountry "SLO"]
[SourceTitle "CBM 117 Extra"]
[Source "ChessBase"]
[SourceDate "2007.05.09"]
[SourceVersion "1"]
[SourceVersionDate "2007.05.09"]
[SourceQuality "1"]

1. e4 e5 2. Nf3 Nc6 3. Nc3 Nf6 4. d4 exd4 5. Nxd4 Bb4 6. Nxc6 Bxc3+ 7. bxc3 bxc6 8. Bd3 h6 9. 0-0 0-0 10. Re1 d6 11. Rb1 Re8 12. Bf4 Ng4 13. e5 Nxe5 14. Bxe5 dxe5 15. Rxe5 Be6 16. Ra5 Qd6 17. a3 Rad8 18. Qf1 Ra8 19. Rb7 a6 20. h3 c5 21. Rb1 Qe5 22. Rxa6 Qxc3 23. Rxa8 Rxa8 24. Be4 Rd8 25. Rd1 Rb8 26. Qd3 Qxd3 27. Rxd3 g6 1/2-1/2

[Event "SLO-ch U16"]
[Site "Murska Sobota"]
[Date "2007.02.27"]
[Round "4"]
[White "Turek, Bor Lucijan"]
[Black "Spalir, Jernej"]
[Result "1/2-1/2"]
[WhiteElo "1605"]
[BlackElo "1628"]
[PlyCount "42"]
[EventDate "2007.02.25"]
[EventType "swiss"]
[EventRounds "9"]
[EventCountry "SLO"]
[SourceTitle "CBM 117 Extra"]
[Source "ChessBase"]
[SourceDate "2007.05.09"]
[SourceVersion "1"]
[SourceVersionDate "2007.05.09"]
[SourceQuality "1"]

1. e4 e5 2. Nf3 Nc6 3. Bc4 Bc5 4. c3 Nf6 5. d4 exd4 6. cxd4 Bb4+ 7. Bd2 Bxd2+ 8. Nbxd2 d5 9. exd5 Nxd5 10. Qb3 Nce7 11. 0-0 0-0 12. Rfe1 c6 13. Bxd5 Nxd5 14. a3 Nb6 15. Re2 Be6 16. Qc2 Re8 17. Rae1 h6 18. Ne4 Qc7 19. Nc5 Bd7 20. Ne5 Be6 21. Nf3 Bd7 1/2-1/2

[Event "SLO-ch U16"]
[Site "Murska Sobota"]
[Date "2006.02.27"]
[Round "2"]
[White "Turek, Bor Lucijan"]
[Black "Krivec, Sandi"]
[Result "0-1"]
[WhiteElo "1619"]
[BlackElo "2028"]
[PlyCount "104"]
[EventDate "2006.02.26"]
[EventType "swiss"]
[EventRounds "9"]
[EventCountry "SLO"]
[SourceTitle "EXT 2009"]
[Source "ChessBase"]
[SourceDate "2008.11.26"]
[SourceVersion "1"]
[SourceVersionDate "2008.11.26"]
[SourceQuality "1"]

1. e4 c5 2. Nf3 Nc6 3. d4 cxd4 4. Nxd4 g6 5. Nc3 Bg7 6. Be3 Nf6 7. Bc4 0-0 8. 0-0 Qa5 9. Nb3 Qd8 10. h3 d6 11. Qd2 Bd7 12. Bh6 Ne5 13. Be2 Bc6 14. Bxg7 Kxg7 15. f4 Ned7 16. Bd3 b5 17. a3 a5 18. Qe2 Qb6+ 19. Kh1 b4 20. Nd1 Qb7 21. Nf2 bxa3 22. Rxa3 a4 23. Nd2 Qxb2 24. Raa1 Qd4 25. Nf3 Qa7 26. Bb5 Nh5 27. Kh2 Nxf4 28. Qc4 Bxb5 29. Qxb5 Ne6 30. Ng5 Nxg5 31. Qxg5 f6 32. Qh4 Ne5 33. Qg3 Qc5 34. Ra2 Rfc8 35. Ng4 Qc4 36. Rfa1 Qxe4 37. Nf2 Qd4 38. Nd1 Nc4 39. Kh1 a3 40. Nc3 Qe5 41. Qxe5 dxe5 42. Nd5 Kf7 43. Nb4 Rcb8 44. c3 Rd8 45. Kg1 Rd2 46. Rxd2 Nxd2 47. Nc2 Ne4 48. c4 a2 49. Nb4 Ra4 50. Nd3 Nc3 51. c5 Rc4 52. Re1 Ne2+ 0-1

[Event "SLO-ch U16"]
[Site "Sentjur"]
[Date "2005.02.26"]
[Round "1"]
[White "Pucelj, Marko"]
[Black "Turek, Bor Lucijan"]
[Result "1-0"]
[WhiteElo "1683"]
[BlackElo "1500"]
[PlyCount "97"]
[EventDate "2005.02.26"]
[EventType "swiss"]
[EventRounds "9"]
[EventCountry "SLO"]
[SourceTitle "CBM 105 Extra"]
[Source "ChessBase"]
[SourceDate "2005.05.01"]
[SourceVersion "1"]
[SourceVersionDate "2005.05.01"]
[SourceQuality "1"]

1. d4 d5 2. Bf4 Nf6 3. e3 Bf5 4. Bd3 Bxd3 5. Qxd3 Nbd7 6. Nd2 e6 7. Ngf3 Be7 8. c3 c6 9. 0-0 0-0 10. h3 Rc8 11. e4 dxe4 12. Nxe4 Nxe4 13. Qxe4 Nf6 14. Qc2 Nd5 15. Bh2 h6 16. Rfe1 Bd6 17. Ne5 Qg5 18. Qe4 f6 19. Nf3 Bxh2+ 20. Kxh2 Qf4+ 21. Qxf4 Nxf4 22. g3 Nd3 23. Re2 e5 24. Rd1 e4 25. Ne1 Rce8 26. Nxd3 exd3 27. Red2 Re2 28. Rxe2 dxe2 29. Re1 Re8 30. Kg2 g5 31. f3 Kf7 32. Kf2 f5 33. Rxe2 Rxe2+ 34. Kxe2 Ke6 35. Ke3 h5 36. h4 gxh4 37. gxh4 b6 38. Kf4 c5 39. Kg5 cxd4 40. cxd4 Kd5 41. Kxf5 Kxd4 42. f4 Kd5 43. Kg6 Ke6 44. f5+ Ke7 45. f6+ Kf8 46. Kxh5 a5 47. Kg6 b5 48. h5 b4 49. h6 1-0